| 000 | 00355nam a2200133Ia 4500 | ||
|---|---|---|---|
| 008 | 240624s9999 xx 000 0 und d | ||
| 041 | _aeng | ||
| 082 | _a828 ANT | ||
| 100 | _aANTHONY ROBERT | ||
| 245 | _aULTIMATE SECRETS OF TOTAL SELF CONFIDENC | ||
| 260 |
_c2009 _aNew Delhi _bHarperCollins |
||
| 300 | _axxiii, : 181 : p. : cm. ; 21 | ||
| 365 |
_cRS _b25 |
||
| 999 |
_c18743 _d18743 |
||